| 000 | 00752cam a22002415a 4500 | ||
|---|---|---|---|
| 001 | 012632228 | ||
| 005 | 20180520101039.0 | ||
| 008 | 880413s1987 enka frb 000 0 eng d | ||
| 020 | _a0707969425 | ||
| 040 |
_aUk _cUk _beng _dEG-ScBUE |
||
| 043 | _ae-uk--- | ||
| 082 | 0 | 4 |
_a381.10941 _222 _bCHA |
| 245 | 0 | 4 |
_aThe changing face of British retailing / _cedited by Edward McFadyen. |
| 260 |
_aLondon : _bNewman Books, _c1987. |
||
| 300 |
_axiv, 138 p. : _bill. ; _c23 cm. |
||
| 504 | _aIncludes bibliographical references. | ||
| 650 | 7 |
_aRetail trade _zGreat Britain. _2BUEsh _935057 |
|
| 651 | _2BUEsh | ||
| 653 |
_bGGEN _bBUSADM _cMay2018 |
||
| 690 | 7 |
_aManagement and Business Studies _2blcoll |
|
| 700 | 1 |
_aMcFadyen, Edward. _eeditor. |
|
| 942 | _2ddc | ||
| 999 |
_c26749 _d26721 |
||